00612nam a2200169Ia 4500008004100000020001500041082001900056100001000075245002500085260002700110300000800137650013300145650000500278942001200283999001500295952013200310140316s9999 xx 000 0 und d a1403926670 a658.15bIIB/FI aIIBF, aFinancial Management aDelhibMacmillanc2006 a457 aQuantitative techniques and Financial Mathematics,study of Financial statements, Ratio Analysis,Working Capital and Term Lending a 2ddccBK c6830d6830 00102ddc4070aKAUCLVbKAUCLVcGENERALd2014-03-18l3o658.15 IIB/FIp214631r2018-11-21 00:00:00s2018-10-28w2014-03-18yBK